Kinder- und Hausmärchen / (Record no. 75897)

MARC details
000 -LEADER
campo de control de longitud fija 00766nam a2200217 i 4500
001 - NÚMERO DE CONTROL
campo de control 75897
003 - IDENTIFICADOR DE NÚMERO DE CONTROL
campo de control ES-MaACL
005 - FECHA Y HORA DE LA ÚLTIMA TRANSACCIÓN
campo de control 20250928123534.0
007 - CAMPO FIJO DE DESCRIPCIÓN FÍSICA--INFORMACIÓN GENERAL
campo de control de longitud fija t|
008 - DATOS DE LONGITUD FIJA--INFORMACIÓN GENERAL
campo de control de longitud fija 040928s1940 gw ||||1| ger d
100 1# - ENTRADA PRINCIPAL--NOMBRE DE PERSONA
Nombre de persona Grimm, Jacob (
Fechas asociadas al nombre 1785-1863)
9 (RLIN) 60060
245 10 - MENCIÓN DEL TÍTULO
Título Kinder- und Hausmärchen /
Mención de responsabilidad, etc. ges. durch die Brüder Grimm ; hrsg. von Friedrich von der Leyen.
260 ## - PUBLICACIÓN, DISTRIBUCIÓN, ETC.
Lugar de publicación, distribución, etc. Jena :
Nombre del editor, distribuidor, etc. Diederichs,
Fecha de publicación, distribución, etc. [1940] (
Lugar de fabricación/manufactura Leipzig :
Fabricante Druck der Spamer)
300 ## - DESCRIPCIÓN FÍSICA
Extensión XXVII, 361 p. ;
Dimensiones 20 cm.
490 1# - MENCIÓN DE SERIE
Mención de serie Die Märchen der Weltliteratur
700 1# - ENTRADA AGREGADA--NOMBRE PERSONAL
Nombre de persona Grimm, Wilhelm (
Fechas asociadas al nombre 1786-1859)
9 (RLIN) 168467
700 1# - ENTRADA AGREGADA--NOMBRE PERSONAL
Nombre de persona Leyen, Friedrich, von der,
Fechas asociadas al nombre 1873-1966
9 (RLIN) 168468
830 0# - PUNTO DE ACCESO ADICIONAL DE SERIE-TÍTULO UNIFORME
Título uniforme Die Märchen der Weltliteratur
9 (RLIN) 231270
852 ## - LOCALIZACIÓN
Ubicación ES-MaACL
Número de control de estantería P-913
Sublocalización o colección R.19176
Holdings
Estatus retirado Estado de pérdida Estado de daño No para préstamo Biblioteca de origen Biblioteca actual Ubicación en estantería Fecha de adquisición Fuente de adquisición Total de préstamos Signatura topográfica completa Código de barras Visto por última vez Precio de reemplazo Tipo de ítem Koha
        Biblioteca del Ateneo de Madrid Biblioteca del Ateneo de Madrid Depósito 2 17/01/2008     P-913 1079435 23/02/2023 23/02/2023 Libro impreso